| 000 | 00448nam a2200133Ia 4500 | ||
|---|---|---|---|
| 008 | 170516s9999 xx 000 0 und d | ||
| 245 | _aStercoral perforation of the rectum with faecal peritonitis and pneumatosis coli: A | ||
| 260 | _bJournal of Radiology s | ||
| 260 | _c2017 | ||
| 300 | _a11:3 | ||
| 650 | _xRadiologic Technology | ||
| 650 | _xRadtech | ||
| 856 | _uhttp://www.radiologycases.com/index.php/radiologycases/issue/view/131/showToc | ||
| 999 |
_c332842 _d332842 |
||